000
00239nam a2200097Ia 4500
005
20250424112924.0
008
250424s9999 xx 000 0 und d
300
_a
65 p. : ill. ; 28 cm.
650
_a
scientific spiritual thought
942
_c
SR
999
_c
37892
_d
37892